000 00777nam a2200277 a 4500
003 AR-BaBNM
005 20251128202854.0
008 082120s2002 ||||||||||||||000 | spa||
020 _a950-43-0774-4
040 _cAR-BaBNM
100 1 _aBalza, Martín Antonio
245 0 0 _aMalvinas
_brelatos de soldados
260 _aBuenos Aires
_bCírculo Militar
_c1985
300 _a158 p.
_bmapas
490 0 _aBiblioteca del oficial
_vv. 722
650 4 _aHISTORIA PROVINCIAL ARGENTINA
650 4 _aHISTORIA POLITICA
650 4 _aHISTORIA POLITICA ARGENTINA
650 4 _aHISTORIA SOCIAL
650 4 _aGUERRA DE MALVINAS
650 4 _aOCUPACION DE MALVINAS
651 4 _aIslas Malvinas
800 1 _aMartínez Pita, Rodolfo
_efundador
942 _cBK
998 _cmariana
999 _c976
_d976